000 00663cam a2200205 a 4500
001 000001677
005 20200929145646.0
008 771209s1973 pn 000 d spa
082 _a862.6
_bC548d
100 1 _aChong Ruíz, Eustorgio A.
_d1934-
_95454
245 1 0 _aDespués del manglar /
_cEustorgio A. Chong Ruiz.
260 _aPanamá :
_bINCUDE,
_c1973.
300 _a93 p. ;
_c21 cm.
586 _aConcurso literario Ricardo Miro, sección teatro, 1972
504 _aBiografía del autor en la solapa de la cubierta
650 4 _aTeatro panameño
_95455
651 4 _aPanamá
_xTeatro
_95456
910 _aCatalogación por copia / LC
999 _c1558
_d1558
040 _aDO-SdBNP